History Quiz

Random History or Canada Quiz

Premiers of Quebec by time period Quiz Stats

Quiz not verified by Sporcle

Also try: Kid Leaders
Challenge
Share
Tweet
Embed
Score 0/36 Timer 06:00
0 Plays Today
Time period Answer % Correct
2012-2014Pauline Marois
100%
1970-1976Robert Bourassa
88.9%
1976-1985René Lévesque
88.9%
1985-1994Robert Bourassa
88.9%
1994-1996Jacques Parizeau
88.9%
2003-2012Jean Charest
88.9%
2014-IncumbentPhilippe Couillard
88.9%
1936-1939Maurice Duplessis
77.8%
1944-1959Maurice Duplessis
77.8%
1966-1968Daniel Johnson, Sr.
77.8%
1985Pierre-Marc Johnson
77.8%
1994Daniel Johnson, Jr.
77.8%
1996-2001Lucien Bouchard
77.8%
2001-2003Bernard Landry
77.8%
1960-1966Jean Lesage
66.7%
1887-1891Honoré Mercier
55.6%
1959-1960Paul Sauvé
55.6%
1905-1920Lomer Gouin
44.4%
Time period Answer % Correct
1920-1936Louis-Alexandre Taschereau
44.4%
1936Adélard Godbout
44.4%
1939-1944Adélard Godbout
44.4%
1960Antonio Barrette
44.4%
1968-1970Jean-Jacques Bertrand
44.4%
1867-1876Pierre-Joseph-Olivier Chauveau
33.3%
1873-1874Gédéon Ouimet
33.3%
1874-1878Charles Boucher de Boucherville
33.3%
1878-1879Henri-Gustave Joly de Lotbinière
33.3%
1879-1882Sir Joseph-Adolphe Chapleau
33.3%
1887Louis-Olivier Taillon
33.3%
1884-1887John Jones Ross
33.3%
1891-1892Charles Boucher de Boucherville
33.3%
1892-1896Louis-Olivier Taillon
33.3%
1896-1897Edmund James Flynn
33.3%
1882-1884Joseph-Alfred Mousseau
22.2%
1897-1900Félix-Gabriel Marchand
11.1%
1900-1905Simon-Napoléon Parent
11.1%

You're not logged in!

Compare scores with friends on all Sporcle quizzes.
Join for Free
OR
Log In

You Might Also Like...

Show Comments

Extras

Top Quizzes Today


Score Distribution

Your Account Isn't Verified!

In order to create a playlist on Sporcle, you need to verify the email address you used during registration. Go to your Sporcle Settings to finish the process.

Report this User

Report this user for behavior that violates our Community Guidelines.

Details: